| 000 | 004630000a22001690004500 | ||
|---|---|---|---|
| 003 | LK-CoMWRAF | ||
| 008 | 230817t ||||| |||| 00| 0 eng d | ||
| 040 |
_aLK-CoMWRAF _dLK-CoMWRAF _eLK-CoMWRAF |
||
| 041 | _aeng | ||
| 082 |
_a910 _bMAJ |
||
| 100 | _aMajeed, Alhaj Abdul | ||
| 245 |
_aThalaimaithuwa Rahasyangal _b |
||
| 260 |
_bPuthiya Velichchankal Pub: _aSri Lanka (Colombo 02) _c1998 |
||
| 300 | _ap.275 | ||
| 700 |
_aJameel,, Alhaj S.H.M. _eed. |
||
| 942 | _cBK | ||
| 999 |
_c1541 _d1541 |
||